000 00291nam a2200109Ia 4500
008 220204s9999 xx 000 0 und d
082 _a330.34
_bLEE
100 _aLEE, Douglas H K
245 0 _aClimate and economic development in the tropics
260 _aNew York
_bHarper
_c1957
942 _cBK
999 _c19618
_d19618